000 00639nam a2200205 u 4500
005 20210223131906.0
008 121019s2007 mx r 000 0 spa d
020 _a9789703706549
035 _aUPN01000187780
049 _aI
050 4 _aPZ10.3
_bE4.2
100 1 _aEggleton, Jill,
_d1949-
_933321
245 1 0 _aBlat, el gato callejero /
_cJill Eggleton ; il. por Philip Webb ; tr. María del Pilar Carril.
260 _aMéxico :
_bPlaneta,
_c2007.
300 _a15 p. :
_bil. col.
650 4 _aCUENTOS INFANTILES NEOZELANDESES
_921761
650 4 _aGATOS -
_vLITERATURA INFANTIL
_910191
905 _aInfantil
999 _c159883
_d159883